Southville International School and Colleges
Your cart is empty.
  • Cart
  • Lists
    Public lists Eva Luna New books Lux_list list_1
    Your lists Log in to create your own lists
  • Log in to your account
  • Your cookies
  • Search history
Southville International School and Colleges
  • Advanced search
  • Recent comments
  • Most popular
  • Libraries

Log in to your account

Log in with GOOGLE


If you do not have an external account, but do have a local account, you can still log in:

  1. Home
  2. MARC view: The clue in the jewel box.
Normal view MARC view ISBD view

The clue in the jewel box. (Record no. 11168)

[ view plain ]
MARC details
000 -LEADER
fixed length control field 00770cam a2200277 4500
001 - CONTROL NUMBER
control field 1715737
003 - CONTROL NUMBER IDENTIFIER
control field OSt
005 - DATE AND TIME OF LATEST TRANSACTION
control field 20140310182242.0
008 - FIXED-LENGTH DATA ELEMENTS--GENERAL INFORMATION
fixed length control field 740328t19721943nyua j 000 1 eng
010 ## - LIBRARY OF CONGRESS CONTROL NUMBER
LC control number 72077109
020 ## - INTERNATIONAL STANDARD BOOK NUMBER
International Standard Book Number 0448095203
040 ## - CATALOGING SOURCE
Original cataloging agency DLC
Transcribing agency DLC
Modifying agency DLC
042 ## - AUTHENTICATION CODE
Authentication code lcac
050 00 - LIBRARY OF CONGRESS CALL NUMBER
Classification number PZ 7
Item number .K23 1943
082 00 - DEWEY DECIMAL CLASSIFICATION NUMBER
Classification number FIC
Item number K25c 1972
100 1# - MAIN ENTRY--PERSONAL NAME
Personal name Keene, Carolyn.
9 (RLIN) 4653
245 14 - TITLE STATEMENT
Title The clue in the jewel box.
Statement of responsibility, etc / Carolyn Keene.
260 ## - PUBLICATION, DISTRIBUTION, ETC. (IMPRINT)
Place of publication, distribution, etc New York,
Name of publisher, distributor, etc Grosset & Dunlap
Date of publication, distribution, etc c1943
300 ## - PHYSICAL DESCRIPTION
Extent 181 p.
Other physical details illus.
Dimensions 20 cm.
350 ## - PRICE (NR) (BK AM CF MU VM SE) [OBSOLETE]
Price $1.50
490 0# - SERIES STATEMENT
Series statement Her Nancy Drew mystery stories, 20
650 #1 - SUBJECT ADDED ENTRY--TOPICAL TERM
Topical term or geographic name as entry element Mystery and detective stories.
9 (RLIN) 3790
906 ## - LOCAL DATA ELEMENT F, LDF (RLIN)
a 7
b cbc
c orignew
d 2
e opcn
f 19
g y-gencatlg
942 ## - ADDED ENTRY ELEMENTS (KOHA)
Source of classification or shelving scheme Library of Congress Classification
Koha item type
Call number prefix
Holdings
Withdrawn status Lost status Source of classification or shelving scheme Damaged status Home library Current library Shelving location Date acquired Source of acquisition Total Checkouts Total Renewals Full call number Barcode Date last seen Date checked out Copy number Price effective from Koha item type Public note
Withdrawn   Library of Congress Classification   Luxembourg Library Luxembourg Library Fiction Section 09/13/2013 Donation 1 25 PZ 7 .K23 1943 18414 12/13/2019 08/01/2014 1 09/13/2013 Books For inventory: Not found in inventory AY 15-16

The clue in the jewel box.

APA

Keene C., . (1943). The clue in the jewel box. New York: Grosset & Dunlap.

Chicago

Keene Carolyn, . 1943. The clue in the jewel box. New York: Grosset & Dunlap.

Harvard

Keene C., . (1943). The clue in the jewel box. New York: Grosset & Dunlap.

MLA

Keene Carolyn, . The clue in the jewel box. New York: Grosset & Dunlap. 1943.

  • Print
  • Cite
  • Add to your cart (remove)
  • Save record
    BIBTEX Dublin Core MARCXML MARC (non-Unicode/MARC-8) MARC (Unicode/UTF-8) MARC (Unicode/UTF-8, Standard) MODS (XML) RIS
  • More searches
    Search for this title in:
    Other Libraries (WorldCat) Other Databases (Google Scholar) Online Stores (Bookfinder.com) Open Library (openlibrary.org)

Exporting to Dublin Core...

SOUTHVILLE LIBRARY

Southville International School and Colleges Library

1281 Tropical Ave. Cor. Luxembourg St., BF Homes International, Las Pinas City

Tel. No. 8256374 / 252358 Loc. 117/146

Powered by Koha